Dialectic of the flesh /

Gespeichert in:
Bibliographische Detailangaben
1. Verfasser: Kaveney, Roz
Format: Buch
Sprache:Englisch
Veröffentlicht: New York : A Midsummer Night's, 2012
Schriftenreihe:Body language ; 08
Tags: Tag hinzufügen
Keine Tags, Fügen Sie das erste Tag hinzu!

MARC

LEADER 00000nam a22000007i 4500
001 IT\ICCU\UBO\4044470
003 ItRI
005 20260115231838.0
008 131118s2012 xxu|||||| ||||| |||||c
020 |a 1938334000 
020 |a 9781938334009 
040 |b ita  |c importazione bologna sebina 
041 7 |a eng  |2 ISO-639-2 
100 1 |a Kaveney, Roz  |0 IT\ICCU\UBOV\009122 
245 1 0 |a Dialectic of the flesh /  |c by Roz Kaveney. 
260 |a New York :  |b A Midsummer Night's,  |c 2012 
300 |a 60 p. ;  |c 15 cm 
830 0 |a Body language ;  |v 08  |0 IT\ICCU\UBO\4044253 
942 |2 ddc  |c BK  |n 0 
952 |0 0  |1 0  |4 0  |6 DOC_811_600000000000000_KAV  |7 0  |9 14085  |a BO  |b BO  |d 2026-01-15  |i 17186  |l 0  |o DOC 811.6 KAV  |p BO17186  |r 2026-01-15 23:18:38  |w 2026-01-15  |x [Sebina 5] [1 v.]  |y BK  |z 1 v. 
999 |c 12142  |d 12142